[Event "Sherbrooke op-C"]
[Site "Sherbrooke"]
[Date "2004.05.29"]
[Round "2"]
[White "Belfer, Leon"]
[Black "Pronce, Christian"]
[Result "1-0"]
[WhiteElo "1390"]
[BlackElo "1190"]
[PlyCount "77"]
[EventDate "2004.05.??"]
[EventType "swiss"]
[EventRounds "5"]
[EventCountry "CAN"]
[SourceTitle "EXT 2006"]
[Source "ChessBase"]
[SourceDate "2005.11.24"]
[SourceVersion "1"]
[SourceVersionDate "2005.11.24"]
[SourceQuality "1"]

1. d4 d5 2. c4 e6 3. Nc3 Nf6 4. Bg5 Be7 5. Nf3 h6 6. Bh4 0-0 7. e3 Re8 8. Bd3 Nh7 9. Bxe7 Rxe7 10. b3 Nf6 11. 0-0 Nc6 12. Re1 e5 13. dxe5 Nxe5 14. Nxd5 Nxd5 15. cxd5 Bg4 16. Be2 Qd6 17. Nxe5 Bxe2 18. Qxe2 Rxe5 19. Red1 Rae8 20. Qc4 R8e7 21. Rd4 f5 22. g3 Kh8 23. Rc1 Qa6 24. Qc5 h5 25. Ra4 Qd3 26. Rxa7 f4 27. Qc2 Qb5 28. Ra8+ Re8 29. Rxe8+ Rxe8 30. exf4 Qxd5 31. Qxc7 Qd2 32. Rf1 Re1 33. Qxb7 Rc1 34. Rxc1 Qxc1+ 35. Kg2 Qa3 36. b4 Qxa2 37. b5 Qe6 38. Qc6 Qf5 39. b6 1-0